Slovak basic glue words - Statistics

General Stats
  • This quiz has been taken 15 times
  • The average score is 19 of 40
Answer Stats
Hint Answer % Correct
and a
86%
but ale
71%
or alebo
71%
when keď
71%
finally konečne
71%
never nikdy
71%
before predtým
71%
therefore preto
71%
now teraz
71%
here tu
71%
always vždy
71%
often často
57%
maybe možno
57%
because pretože
57%
together spolu
57%
there tam
57%
very veľmi
57%
if ak
43%
enough dosť
43%
otherwise inak
43%
only len
43%
instead namiesto
43%
sometimes niekedy
43%
then potom
43%
after potom
43%
almost skoro
43%
still (nevertheless) stále
43%
as well tiež
43%
already
43%
suddenly zrazu
43%
also aj
29%
yet (still) ešte
29%
probably pravdepodobne
29%
so (therefore) takže
29%
certainly určite
29%
actually vlastne
29%
however avšak
0%
even dokonca
0%
too (excessive) príliš
0%
rarely zriedka
0%
No matching quizzes found
Score Distribution
Percent of People with Each Score
Percentile by Number Answered
Your Score History
You have not taken this quiz